[Event "3. Torneo Internacional A.D. San Juan"]
[Site "Pamplona ESP"]
[Date "2009.07.29"]
[Round "4.10"]
[White "Larino Nieto, David"]
[Black "Ibarra Jerez, Jose Carlos"]
[Result "1/2-1/2"]
[WhiteElo "2455"]
[BlackElo "2517"]
[PlyCount "31"]
[EventDate "2009.07.27"]
[EventType "swiss"]
[EventRounds "9"]
[EventCountry "ESP"]
[Source "lmi"]
[SourceDate "2009.07.27"]

1. d4 Nf6 2. c4 d6 3. Nc3 g6 4. e4 Bg7 5. Nf3 O-O 6. Be2 e5 7. dxe5 dxe5 8.
Qxd8 Rxd8 9. Bg5 Re8 10. Nd5 Nxd5 11. cxd5 c6 12. Bc4 cxd5 13. Bxd5 Na6 14.
O-O-O Nc7 15. Bb3 Be6 16. Kb1 1/2-1/2

[Event "3. Torneo Internacional A.D. San Juan"]
[Site "Pamplona ESP"]
[Date "2009.07.29"]
[Round "4.11"]
[White "Edouard, Romain"]
[Black "Sanz Alonso, Francisco J"]
[Result "1-0"]
[WhiteElo "2597"]
[BlackElo "2404"]
[PlyCount "73"]
[EventDate "2009.07.27"]
[EventType "swiss"]
[EventRounds "9"]
[EventCountry "ESP"]
[Source "lmi"]
[SourceDate "2009.07.27"]

1. d4 Nf6 2. c4 c5 3. d5 b5 4. Nf3 e6 5. dxe6 fxe6 6. cxb5 d5 7. Nbd2 Qa5 8. e3
Be7 9. Be2 O-O 10. O-O Bd7 11. e4 Bxb5 12. exd5 exd5 13. Nb3 Qb6 14. Bxb5 Qxb5
15. Bg5 Nbd7 16. Nh4 Rf7 17. Nf5 Bf8 18. Bxf6 Nxf6 19. Qc2 a5 20. Ne3 a4 21.
Nd2 c4 22. Nf3 Rb8 23. Rab1 Rd7 24. Qf5 Rd6 25. Rfd1 g6 26. Qc2 Rbd8 27. Nd4
Qa5 28. b3 axb3 29. axb3 cxb3 30. Rxb3 Qa6 31. Rc3 Bg7 32. Rc7 Qb6 33. Rc8 Rxc8
34. Qxc8+ Rd8 35. Qc2 Bh6 36. Nc6 Qc7 37. Nxd8 1-0

[Event "3. Torneo Internacional A.D. San Juan"]
[Site "Pamplona ESP"]
[Date "2009.07.29"]
[Round "4.12"]
[White "Maze, Sebastien"]
[Black "Burguete Archel, Eduardo"]
[Result "1-0"]
[WhiteElo "2546"]
[BlackElo "2220"]
[PlyCount "95"]
[EventDate "2009.07.27"]
[EventType "swiss"]
[EventRounds "9"]
[EventCountry "ESP"]
[Source "lmi"]
[SourceDate "2009.07.27"]

1. e4 e5 2. Nf3 Nc6 3. Bb5 a6 4. Bxc6 dxc6 5. O-O Qf6 6. d4 exd4 7. Bg5 Qd6 8.
Nxd4 Be7 9. Bxe7 Nxe7 10. Nc3 O-O 11. Qd2 f5 12. exf5 Nxf5 13. Rad1 Rd8 14. Nf3
Qxd2 15. Nxd2 Be6 16. Rfe1 Nd4 17. Rc1 Re8 18. Nde4 b6 19. f3 Rad8 20. a3 h6
21. Nd1 Bd5 22. Ndf2 Bc4 23. Kh1 c5 24. h3 Kf7 25. Kh2 Bd5 26. c3 Nc6 27. Rcd1
Bb3 28. Rxd8 Rxd8 29. Re2 Na5 30. Rd2 Rxd2 31. Nxd2 Be6 32. Kg3 Nc4 33. Nxc4
Bxc4 34. Kf4 Ke6 35. h4 Bb3 36. Ng4 Bc2 37. Ne3 Bd3 38. g4 c6 39. Kg3 g6 40. f4
Be2 41. f5+ gxf5 42. Nxf5 Kd5 43. Nxh6 Kc4 44. h5 Kb3 45. Nf5 Bc4 46. g5 Bg8
47. Ne7 Bh7 48. g6 1-0

[Event "3. Torneo Internacional A.D. San Juan"]
[Site "Pamplona ESP"]
[Date "2009.07.29"]
[Round "4.13"]
[White "Mihailovs, Jurijs"]
[Black "Suba, Mihai"]
[Result "1/2-1/2"]
[WhiteElo "2408"]
[BlackElo "2540"]
[PlyCount "111"]
[EventDate "2009.07.27"]
[EventType "swiss"]
[EventRounds "9"]
[EventCountry "ESP"]
[Source "lmi"]
[SourceDate "2009.07.27"]

1. d4 Nf6 2. c4 e6 3. Nf3 c5 4. d5 d6 5. Nc3 exd5 6. cxd5 g6 7. Bf4 a6 8. e4 b5
9. Qe2 Be7 10. e5 dxe5 11. Bxe5 Nbd7 12. Bf4 O-O 13. d6 Bxd6 14. Bxd6 Re8 15.
Ne5 b4 16. Na4 Nxe5 17. Bxe5 Bg4 18. f3 Nd7 19. O-O-O Qa5 20. b3 Rxe5 21. Qb2
Be6 22. Rxd7 c4 23. Rd1 Rc8 24. Bxc4 Bxc4 25. bxc4 Re3 26. Qf2 Ra3 27. Nb2 Rxa2
28. Qe3 Qa3 29. Qxa3 bxa3 30. Nd3 Rxc4+ 31. Kb1 Rxg2 32. f4 Rc3 33. h4 h5 34.
f5 Kg7 35. fxg6 fxg6 36. Rhf1 Re2 37. Nf4 Rb2+ 38. Ka1 Rcc2 39. Rd7+ Kh6 40.
Nd3 Rd2 41. Rg1 Rb6 42. Rd5 a2 43. Rd7 Rh2 44. Ne5 Rb1+ 45. Rxb1 axb1=Q+ 46.
Kxb1 Rxh4 47. Rd6 Rh1+ 48. Kc2 Rg1 49. Rxa6 h4 50. Kd3 h3 51. Nf3 Rg2 52. Ke3
Kh5 53. Ra5+ g5 54. Nxg5 Rxg5 55. Rxg5+ Kxg5 56. Kf2 1/2-1/2

[Event "3. Torneo Internacional A.D. San Juan"]
[Site "Pamplona ESP"]
[Date "2009.07.29"]
[Round "4.14"]
[White "Libiszewski, Fabien"]
[Black "Berbatov, Kiprian"]
[Result "1-0"]
[WhiteElo "2535"]
[BlackElo "2398"]
[PlyCount "49"]
[EventDate "2009.07.27"]
[EventType "swiss"]
[EventRounds "9"]
[EventCountry "ESP"]
[Source "lmi"]
[SourceDate "2009.07.27"]

1. e4 c5 2. Nf3 d6 3. Bc4 Nf6 4. d3 Nc6 5. c3 g6 6. O-O Bg7 7. Bb3 O-O 8. h3 b5
9. Re1 Nd7 10. d4 b4 11. Be3 bxc3 12. Nxc3 Rb8 13. Nd5 e6 14. Bg5 Nf6 15. Nxf6+
Bxf6 16. Bxf6 Qxf6 17. dxc5 dxc5 18. Qd6 Bb7 19. Qxc5 Qxb2 20. e5 Nb4 21. Rab1
Qa3 22. Ng5 Ba8 23. Qe7 Nc2 24. Qf6 Nxe1 25. Nxe6 1-0

[Event "3. Torneo Internacional A.D. San Juan"]
[Site "Pamplona ESP"]
[Date "2009.07.29"]
[Round "4.15"]
[White "Huguet, Sergio"]
[Black "Paunovic, Dragan"]
[Result "0-1"]
[WhiteElo "2126"]
[BlackElo "2533"]
[PlyCount "90"]
[EventDate "2009.07.27"]
[EventType "swiss"]
[EventRounds "9"]
[EventCountry "ESP"]
[Source "lmi"]
[SourceDate "2009.07.27"]

1. e4 c5 2. c3 d6 3. d4 Nf6 4. Bd3 cxd4 5. cxd4 g6 6. Nc3 Bg7 7. Nf3 O-O 8. O-O
Bg4 9. Be3 Nc6 10. Be2 a6 11. Qd2 Rc8 12. Rac1 d5 13. e5 Ne4 14. Qd1 Nxc3 15.
Rxc3 Qd7 16. h3 Bxf3 17. Bxf3 e6 18. Bg4 Na7 19. Rxc8 Rxc8 20. Qd2 Qa4 21. b3
Qa3 22. Rc1 Rxc1+ 23. Qxc1 Qxc1+ 24. Bxc1 Nc6 25. Be3 Bf8 26. Kf1 Ba3 27. Ke2
Nb4 28. Bd2 Nxa2 29. Kd3 Bb4 30. Bg5 Kf8 31. Bd8 Nc3 32. Bb6 Nb5 33. Be2 Ke8
34. Ke3 Nc3 35. Bf3 Kd7 36. Kd3 Nb5 37. Be2 Kc6 38. Bd8 Bc3 39. Kc2 Bxd4 40.
Bxb5+ Kxb5 41. f4 Kb4 42. Be7+ Bc5 43. Bg5 d4 44. g4 d3+ 45. Kxd3 Kxb3 0-1

[Event "3. Torneo Internacional A.D. San Juan"]
[Site "Pamplona ESP"]
[Date "2009.07.30"]
[Round "5.1"]
[White "Fedorchuk, Sergey A"]
[Black "Mirzoev, Azer"]
[Result "1/2-1/2"]
[WhiteElo "2655"]
[BlackElo "2559"]
[PlyCount "130"]
[EventDate "2009.07.27"]
[EventType "swiss"]
[EventRounds "9"]
[EventCountry "ESP"]
[Source "lmi"]
[SourceDate "2009.07.27"]

1. e4 e5 2. Nf3 Nc6 3. Bb5 Nf6 4. d3 d6 5. O-O Bd7 6. Re1 Be7 7. c3 O-O 8. Nbd2
Re8 9. a4 Bf8 10. a5 a6 11. Bc4 Be6 12. Qb3 Bxc4 13. Nxc4 Rb8 14. Bg5 h6 15.
Bh4 Be7 16. d4 exd4 17. cxd4 d5 18. exd5 Qxd5 19. Qd3 Qb5 20. Nfe5 Rbd8 21.
Nxc6 Qxc6 22. Re5 Nd5 23. Bxe7 Rxe7 24. g3 Red7 25. Qe2 Nf6 26. Ne3 g6 27. Nc2
Kg7 28. Ra3 Qd6 29. Rb3 c6 30. Qf3 Qc7 31. Rbe3 Nd5 32. Ra3 Re7 33. Rxe7 Qxe7
34. Ra1 Rd7 35. Re1 Qd8 36. Qa3 h5 37. h4 Nc7 38. Qc5 Ne6 39. Qe5+ Kg8 40. b4
Nxd4 41. Nxd4 Rxd4 42. Qc5 Rd5 43. Qc3 Kh7 44. Re4 Rd1+ 45. Kh2 Qd5 46. Qf6
Rh1+ 47. Kxh1 Qxe4+ 48. Kh2 Kg8 49. Qd8+ Kg7 50. Qd2 Qe7 51. Qd4+ Kg8 52. Kg1
Qc7 53. Kg2 Kf8 54. f3 Ke8 55. g4 hxg4 56. fxg4 Qe7 57. Qh8+ Kd7 58. Qd4+ Kc8
59. h5 gxh5 60. Qh8+ Kc7 61. gxh5 Qe2+ 62. Kg3 Qe1+ 63. Kh3 Qe3+ 64. Kg2 Qe2+
65. Kg3 Qe1+ 1/2-1/2

[Event "3. Torneo Internacional A.D. San Juan"]
[Site "Pamplona ESP"]
[Date "2009.07.30"]
[Round "5.2"]
[White "Alvarez Pedraza, Aramis"]
[Black "Aleksandrov, Aleksej"]
[Result "0-1"]
[WhiteElo "2460"]
[BlackElo "2616"]
[PlyCount "66"]
[EventDate "2009.07.27"]
[EventType "swiss"]
[EventRounds "9"]
[EventCountry "ESP"]
[Source "lmi"]
[SourceDate "2009.07.27"]

1. d4 d5 2. c4 e6 3. Nc3 Bb4 4. e3 c5 5. cxd5 exd5 6. a3 Bxc3+ 7. bxc3 Nc6 8.
Bd3 Nge7 9. Ne2 c4 10. Bc2 Bf5 11. O-O Qd7 12. Ng3 Bxc2 13. Qxc2 h5 14. f3
O-O-O 15. Bd2 h4 16. Nh1 g5 17. e4 dxe4 18. Qxe4 Rhg8 19. Nf2 Na5 20. Rae1 Nd5
21. Qc2 f6 22. Re2 Nb3 23. Rfe1 Kb8 24. Ng4 a6 25. Re6 Rgf8 26. Nf2 Ka7 27. Nd1
Rf7 28. Nb2 Nc7 29. R6e2 Qc6 30. Be3 Ka8 31. Bf2 Rfd7 32. Qe4 Nd5 33. Qc2 Rd6
0-1

[Event "3. Torneo Internacional A.D. San Juan"]
[Site "Pamplona ESP"]
[Date "2009.07.30"]
[Round "5.3"]
[White "Huerga Leache, Mikel"]
[Black "Vera Gonzalez-Quevedo, Reynaldo"]
[Result "1/2-1/2"]
[WhiteElo "2456"]
[BlackElo "2499"]
[PlyCount "28"]
[EventDate "2009.07.27"]
[EventType "swiss"]
[EventRounds "9"]
[EventCountry "ESP"]
[Source "lmi"]
[SourceDate "2009.07.27"]

1. e4 c5 2. Nf3 d6 3. d4 Nf6 4. dxc5 Nxe4 5. cxd6 Nxd6 6. Nc3 Nc6 7. Bf4 Bg4 8.
h3 Bxf3 9. Qxf3 e5 10. Bh2 Qg5 11. Bd3 f5 12. Qd5 O-O-O 13. O-O f4 14. Rfe1 Kb8
1/2-1/2

[Event "3. Torneo Internacional A.D. San Juan"]
[Site "Pamplona ESP"]
[Date "2009.07.30"]
[Round "5.4"]
[White "Pogorelov, Ruslan"]
[Black "Pap, Misa"]
[Result "1-0"]
[WhiteElo "2441"]
[BlackElo "2478"]
[PlyCount "67"]
[EventDate "2009.07.27"]
[EventType "swiss"]
[EventRounds "9"]
[EventCountry "ESP"]
[Source "lmi"]
[SourceDate "2009.07.27"]

1. Nf3 c5 2. c4 Nf6 3. Nc3 b6 4. g3 Bb7 5. Bg2 e6 6. O-O a6 7. d4 cxd4 8. Qxd4
d6 9. Rd1 Nbd7 10. e4 Be7 11. b3 Qc8 12. Bb2 O-O 13. h3 Nc5 14. Nd2 Qc7 15.
Rac1 Rac8 16. Qe3 Qb8 17. Qe2 Rfe8 18. f4 a5 19. Re1 Qa8 20. Rcd1 a4 21. Nb5 d5
22. Bxf6 gxf6 23. exd5 exd5 24. Qg4+ Kh8 25. cxd5 Nd3 26. Rxe7 Rxe7 27. Qf5 Re3
28. Nc4 Re2 29. Bf3 Re1+ 30. Rxe1 Nxe1 31. Be4 Kg8 32. Qxh7+ Kf8 33. d6 Nf3+
34. Bxf3 1-0

[Event "3. Torneo Internacional A.D. San Juan"]
[Site "Pamplona ESP"]
[Date "2009.07.30"]
[Round "5.6"]
[White "Pozo Vera, Sandro"]
[Black "Del Rio De Angelis, Salvador G"]
[Result "1-0"]
[WhiteElo "2451"]
[BlackElo "2560"]
[PlyCount "77"]
[EventDate "2009.07.27"]
[EventType "swiss"]
[EventRounds "9"]
[EventCountry "ESP"]
[Source "lmi"]
[SourceDate "2009.07.27"]

1. d4 d6 2. Nf3 g6 3. c4 Bg7 4. Nc3 Bg4 5. g3 Bxf3 6. exf3 e6 7. Bg2 Ne7 8. O-O
c6 9. d5 exd5 10. cxd5 O-O 11. Re1 Nf5 12. Ne4 cxd5 13. Qxd5 Nc6 14. Bg5 Qa5
15. Qxa5 Nxa5 16. g4 Nd4 17. Rad1 Ne6 18. Be7 Rfc8 19. b4 Nc4 20. Nxd6 Rc7 21.
Nxc4 Rxe7 22. f4 Bc3 23. Re4 Kf8 24. Ne3 Rc7 25. h4 Rd8 26. Rxd8+ Nxd8 27. Nd5
Rc8 28. b5 Bg7 29. f5 gxf5 30. gxf5 Rc5 31. f6 Bh8 32. Ra4 Rxb5 33. Rxa7 Rc5
34. a4 Rc6 35. Ra8 Ke8 36. a5 Rd6 37. Nc7+ Kd7 38. Bh3+ Kc6 39. Rc8 1-0

[Event "3. Torneo Internacional A.D. San Juan"]
[Site "Pamplona ESP"]
[Date "2009.07.30"]
[Round "5.7"]
[White "Arnaudov, G  Petar"]
[Black "Maze, Sebastien"]
[Result "1/2-1/2"]
[WhiteElo "2443"]
[BlackElo "2546"]
[PlyCount "85"]
[EventDate "2009.07.27"]
[EventType "swiss"]
[EventRounds "9"]
[EventCountry "ESP"]
[Source "lmi"]
[SourceDate "2009.07.27"]

1. d4 Nf6 2. c4 g6 3. Nc3 Bg7 4. e4 d6 5. h3 O-O 6. Nf3 Na6 7. Bg5 Qe8 8. Be2
e5 9. d5 Nh5 10. g3 f5 11. exf5 gxf5 12. Nh4 Nf6 13. Qc2 Nc5 14. Be3 e4 15.
O-O-O Nfd7 16. Nb5 Qd8 17. f4 a5 18. Bd4 Bxd4 19. Nxd4 Nb8 20. Ng2 Nba6 21. Kb1
Nb4 22. Qd2 Qf6 23. g4 Nbd3 24. Qe3 Bd7 25. g5 Qg7 26. h4 b5 27. cxb5 Bxb5 28.
h5 Rab8 29. h6 Qf7 30. Ne6 Nxb2 31. Bh5 Bd3+ 32. Ka1 Qd7 33. Qd4 Nxd1 34. Rxd1
Rfc8 35. Qf6 Nb3+ 36. Kb2 Nd4+ 37. Kc3 c6 38. Nxd4 cxd5+ 39. Kd2 Rf8 40. Qe6+
Qxe6 41. Nxe6 Rb2+ 42. Kc3 Rxg2 43. Nxf8 1/2-1/2

[Event "3. Torneo Internacional A.D. San Juan"]
[Site "Pamplona ESP"]
[Date "2009.07.30"]
[Round "5.8"]
[White "Ibrahimov, Rasul"]
[Black "Larino Nieto, David"]
[Result "1-0"]
[WhiteElo "2543"]
[BlackElo "2455"]
[PlyCount "87"]
[EventDate "2009.07.27"]
[EventType "swiss"]
[EventRounds "9"]
[EventCountry "ESP"]
[Source "lmi"]
[SourceDate "2009.07.27"]

1. Nf3 d5 2. d4 e6 3. c4 c5 4. cxd5 exd5 5. Nc3 Nc6 6. g3 Nf6 7. Bg2 Be7 8. O-O
O-O 9. dxc5 Bxc5 10. Bg5 d4 11. Bxf6 Qxf6 12. Nd5 Qd8 13. Nd2 Re8 14. Rc1 Bf8
15. Nb3 Bf5 16. Nxd4 Nxd4 17. Qxd4 Rxe2 18. Bf3 Re8 19. Rfd1 Bh3 20. Bg4 Bxg4
21. Qxg4 Rb8 22. Nc7 Qc8 23. Qf3 Rd8 24. Na6 Rxd1+ 25. Qxd1 bxa6 26. Rxc8 Rxc8
27. Qd7 Rc1+ 28. Kg2 Rc2 29. Qxa7 Rxb2 30. Qxa6 h5 31. a4 g6 32. a5 Kg7 33. Qc4
Rb4 34. Qc2 Rb7 35. a6 Ra7 36. Qb2+ Kh7 37. Qb6 Bc5 38. Qxc5 Rxa6 39. Qf8 Ra7
40. h4 Rb7 41. Kf3 f5 42. Kf4 Ra7 43. Kg5 Rg7 44. f4 1-0

[Event "3. Torneo Internacional A.D. San Juan"]
[Site "Pamplona ESP"]
[Date "2009.07.30"]
[Round "5.9"]
[White "Ivanov, Jordan"]
[Black "Libiszewski, Fabien"]
[Result "1-0"]
[WhiteElo "2431"]
[BlackElo "2535"]
[PlyCount "86"]
[EventDate "2009.07.27"]
[EventType "swiss"]
[EventRounds "9"]
[EventCountry "ESP"]
[Source "lmi"]
[SourceDate "2009.07.27"]

1. d4 Nf6 2. c4 c5 3. d5 e6 4. Nc3 exd5 5. cxd5 d6 6. e4 g6 7. Bd3 Bg7 8. h3 a6
9. a4 Nbd7 10. Nf3 Nh5 11. O-O Ne5 12. Be2 Nxf3+ 13. Bxf3 Qh4 14. Bg4 Bxg4 15.
Qxg4 Qxg4 16. hxg4 Nf6 17. g5 Ng4 18. Bf4 Kd7 19. Ra3 Rhe8 20. Rb3 Rab8 21. g3
Ne5 22. Kg2 Nd3 23. f3 c4 24. Rb6 Nxf4+ 25. gxf4 Bd4 26. Rb4 Be3 27. Kg3 Rec8
28. Rh1 Bc5 29. Rxc4 b5 30. axb5 axb5 31. Rxc5 Rxc5 32. Rxh7 Rf8 33. f5 gxf5
34. exf5 Kd8 35. Rh6 Ke7 36. Rh4 Rc4 37. f6+ Kd8 38. Nxb5 Rxh4 39. Kxh4 Kd7 40.
g6 fxg6 41. Kg5 Rb8 42. f7 Ke7 43. Nxd6 Rb6 1-0

[Event "3. Torneo Internacional A.D. San Juan"]
[Site "Pamplona ESP"]
[Date "2009.07.30"]
[Round "5.10"]
[White "Paunovic, Dragan"]
[Black "Recuero Guerra, David"]
[Result "1/2-1/2"]
[WhiteElo "2533"]
[BlackElo "2460"]
[PlyCount "42"]
[EventDate "2009.07.27"]
[EventType "swiss"]
[EventRounds "9"]
[EventCountry "ESP"]
[Source "lmi"]
[SourceDate "2009.07.27"]

1. Nf3 d5 2. d4 Nf6 3. c4 e6 4. g3 dxc4 5. Qa4+ Nc6 6. Bg2 Bb4+ 7. Bd2 Nd5 8.
Qb5 O-O 9. Qxc4 Nb6 10. Qd3 e5 11. dxe5 Qxd3 12. exd3 Rd8 13. a3 Bxd2+ 14.
Nbxd2 Rxd3 15. Rc1 Be6 16. O-O Bd5 17. Rfd1 Rd8 18. Ne1 Rd4 19. Nc2 Rd3 20. Ne1
Rd4 21. Nc2 Rd3 1/2-1/2

[Event "3. Torneo Internacional A.D. San Juan"]
[Site "Pamplona ESP"]
[Date "2009.07.30"]
[Round "5.11"]
[White "Ibarra Jerez, Jose Carlos"]
[Black "Cabrera Trujillo, Jorge"]
[Result "1/2-1/2"]
[WhiteElo "2517"]
[BlackElo "2410"]
[PlyCount "110"]
[EventDate "2009.07.27"]
[EventType "swiss"]
[EventRounds "9"]
[EventCountry "ESP"]
[Source "lmi"]
[SourceDate "2009.07.27"]

1. d4 d5 2. Bg5 h6 3. Bh4 c6 4. c3 Qb6 5. Qb3 Bf5 6. Nd2 Nd7 7. Ngf3 Ngf6 8. e3
e6 9. Be2 g5 10. Bg3 Nh5 11. Rc1 Nxg3 12. hxg3 Bg7 13. c4 O-O 14. O-O a5 15.
Rfd1 a4 16. Qa3 Rfe8 17. Bd3 Bxd3 18. Qxd3 Rad8 19. cxd5 exd5 20. Rc2 c5 21.
dxc5 Nxc5 22. Qa3 Ne4 23. Nxe4 dxe4 24. Rxd8 Rxd8 25. Nd4 Bxd4 26. exd4 Qxd4
27. Rc1 Qd2 28. Rf1 b5 29. Qe7 Qd4 30. Re1 Rc8 31. Qxe4 Qxb2 32. Re2 Qc3 33.
Kh2 Kg7 34. Qb7 Qc6 35. Qa7 Qd5 36. Qe7 Rc6 37. Qb4 Qc5 38. Qb2+ Rf6 39. Re5
Qxf2 40. Rxb5 Qxb2 41. Rxb2 a3 42. Rb3 Ra6 43. g4 Kg6 44. Rf3 f6 45. Kh3 Ra4
46. Kg3 Kf7 47. Re3 Ra5 48. Kh3 Kg6 49. Rf3 Ra4 50. Kg3 f5 51. gxf5+ Kf6 52.
Rb3 Kxf5 53. Kf3 g4+ 54. Kg3 Ra5 55. Kh4 Ra4 1/2-1/2

[Event "3. Torneo Internacional A.D. San Juan"]
[Site "Pamplona ESP"]
[Date "2009.07.30"]
[Round "5.12"]
[White "Garbisu De Goni, Unai"]
[Black "Mladenov, Plamen"]
[Result "1/2-1/2"]
[WhiteElo "2467"]
[BlackElo "2362"]
[PlyCount "104"]
[EventDate "2009.07.27"]
[EventType "swiss"]
[EventRounds "9"]
[EventCountry "ESP"]
[Source "lmi"]
[SourceDate "2009.07.27"]

1. e4 c5 2. Nf3 d6 3. d4 cxd4 4. Nxd4 Nf6 5. Nc3 Nc6 6. g3 Bg4 7. f3 Bd7 8. Be3
e5 9. Nb3 Be7 10. Qd2 O-O 11. O-O-O a5 12. Kb1 a4 13. Nc1 a3 14. b3 Nb4 15. Nd3
Nxd3 16. Bxd3 Rc8 17. g4 Qc7 18. Bc4 b5 19. g5 Nxe4 20. fxe4 bxc4 21. Nd5 Qd8
22. Bb6 Qe8 23. Nc7 Rxc7 24. Bxc7 cxb3 25. axb3 Bg4 26. Bxd6 Bxd1 27. Rxd1 Bxd6
28. Qxd6 Qb5 29. Rd3 a2+ 30. Kxa2 Ra8+ 31. Kb2 Qa5 32. Kc1 h6 33. g6 Qa1+ 34.
Kd2 fxg6 35. Qxg6 Rf8 36. Qg3 Rf1 37. Ke2 Rf4 38. Qg6 Qf1+ 39. Kd2 Rf2+ 40. Kc3
Rf8 41. Qb6 Kh7 42. Rd8 Qa1+ 43. Kb4 Rf6 44. Qb7 Ra6 45. Qc8 Qe1+ 46. Kc4 Qxe4+
47. Kb5 Rf6 48. c4 Qe3 49. Rh8+ Kg6 50. Qg4+ Kf7 51. Qd7+ Kg6 52. Qg4+ Kf7
1/2-1/2

[Event "3. Torneo Internacional A.D. San Juan"]
[Site "Pamplona ESP"]
[Date "2009.07.30"]
[Round "5.13"]
[White "Ninov, Nikolai"]
[Black "Chueca Forcen, Alberto"]
[Result "1-0"]
[WhiteElo "2562"]
[BlackElo "2288"]
[PlyCount "49"]
[EventDate "2009.07.27"]
[EventType "swiss"]
[EventRounds "9"]
[EventCountry "ESP"]
[Source "lmi"]
[SourceDate "2009.07.27"]

1. e4 c6 2. d4 d5 3. Nc3 dxe4 4. Nxe4 Bf5 5. Ng3 Bg6 6. h4 h6 7. f4 e6 8. Nf3
Nd7 9. h5 Bh7 10. Bd3 Bxd3 11. Qxd3 Qc7 12. Bd2 Ngf6 13. O-O-O O-O-O 14. Qe2
Nd5 15. Ne5 Nxe5 16. dxe5 Be7 17. Ne4 Rd7 18. c4 Nb6 19. Ba5 c5 20. Nc3 Rxd1+
21. Rxd1 Qc6 22. Nb5 Kb8 23. Bxb6 axb6 24. Qd3 Qxg2 25. Qa3 1-0

[Event "3. Torneo Internacional A.D. San Juan"]
[Site "Pamplona ESP"]
[Date "2009.07.30"]
[Round "5.14"]
[White "Ugalde Ezcurra, Jose Miguel"]
[Black "Rusev, Krasimir"]
[Result "0-1"]
[WhiteElo "2169"]
[BlackElo "2543"]
[PlyCount "86"]
[EventDate "2009.07.27"]
[EventType "swiss"]
[EventRounds "9"]
[EventCountry "ESP"]
[Source "lmi"]
[SourceDate "2009.07.27"]

1. d4 d5 2. c4 c6 3. Nf3 Nf6 4. e3 Bf5 5. Qb3 Qc7 6. cxd5 cxd5 7. Bd2 Nc6 8.
Bb5 e6 9. O-O Bd6 10. Bb4 O-O 11. Bxc6 Bxb4 12. Qxb4 bxc6 13. Nc3 Rab8 14. Qa3
Nd7 15. Rac1 Rfc8 16. Na4 Rb5 17. Rc3 Be4 18. Rfc1 Bxf3 19. gxf3 Nb8 20. Nc5
Rb6 21. Nd3 f6 22. Rc5 Qf7 23. Ra5 Rb7 24. Nc5 Re7 25. Na6 Nd7 26. Qd6 e5 27.
Rxd5 Rce8 28. Rxc6 Nb6 29. Ra5 Rd7 30. Qb4 Qg6+ 31. Kh1 Qb1+ 32. Kg2 Qg6+ 33.
Kh1 exd4 34. Nc5 Qb1+ 35. Kg2 Qg6+ 36. Kh1 dxe3 37. Nxd7 Qb1+ 38. Kg2 Qg6+ 39.
Kh3 exf2 40. Rc1 Qh6+ 41. Kg2 Qxc1 42. Kxf2 Qe3+ 43. Kg2 Nxd7 0-1

[Event "3. Torneo Internacional A.D. San Juan"]
[Site "Pamplona ESP"]
[Date "2009.07.30"]
[Round "5.15"]
[White "Suba, Mihai"]
[Black "Garcia Blanco, Omar"]
[Result "1-0"]
[WhiteElo "2540"]
[BlackElo "2237"]
[PlyCount "63"]
[EventDate "2009.07.27"]
[EventType "swiss"]
[EventRounds "9"]
[EventCountry "ESP"]
[Source "lmi"]
[SourceDate "2009.07.27"]

1. c4 e5 2. Nc3 Nc6 3. e3 Nf6 4. Nf3 d5 5. cxd5 Nxd5 6. Bb5 Nxc3 7. bxc3 Bd6 8.
d4 exd4 9. cxd4 O-O 10. O-O Bg4 11. h3 Bh5 12. Bb2 Qf6 13. Be2 Rad8 14. Rc1 Qe7
15. Qb3 Nb4 16. Rfe1 c6 17. Ba3 Nxa2 18. Rc5 Bxf3 19. Bxf3 Qe6 20. Qxe6 fxe6
21. Ra5 Nb4 22. Rb1 b6 23. Rxa7 c5 24. Bg4 Rf6 25. Rb7 Nc2 26. Bb2 cxd4 27.
exd4 Na3 28. Rc1 b5 29. d5 e5 30. Be6+ Kh8 31. Rc6 Nc4 32. Rxb5 1-0

[Event "3. Torneo Internacional A.D. San Juan"]
[Site "Pamplona ESP"]
[Date "2009.07.31"]
[Round "6.1"]
[White "Mirzoev, Azer"]
[Black "Aleksandrov, Aleksej"]
[Result "1/2-1/2"]
[WhiteElo "2559"]
[BlackElo "2616"]
[PlyCount "21"]
[EventDate "2009.07.27"]
[EventType "swiss"]
[EventRounds "9"]
[EventCountry "ESP"]
[Source "lmi"]
[SourceDate "2009.07.27"]

1. Nf3 Nf6 2. g3 b5 3. Bg2 Bb7 4. c3 c5 5. b4 cxb4 6. cxb4 d6 7. O-O e6 8. d3
Be7 9. Nbd2 Na6 10. Nb3 O-O 11. Nfd4 1/2-1/2

[Event "3. Torneo Internacional A.D. San Juan"]
[Site "Pamplona ESP"]
[Date "2009.07.31"]
[Round "6.2"]
[White "Ibrahimov, Rasul"]
[Black "Pogorelov, Ruslan"]
[Result "1/2-1/2"]
[WhiteElo "2543"]
[BlackElo "2441"]
[PlyCount "80"]
[EventDate "2009.07.27"]
[EventType "swiss"]
[EventRounds "9"]
[EventCountry "ESP"]
[Source "lmi"]
[SourceDate "2009.07.27"]

1. Nf3 Nf6 2. c4 e6 3. Nc3 Bb4 4. Qc2 O-O 5. a3 Bxc3 6. Qxc3 b6 7. b4 Bb7 8.
Bb2 d6 9. e3 a5 10. Be2 axb4 11. axb4 Rxa1+ 12. Bxa1 Nbd7 13. O-O Qe7 14. Bb2
Ra8 15. Ra1 Rxa1+ 16. Bxa1 Qd8 17. Qa3 Qa8 18. Qxa8+ Bxa8 19. d3 Kf8 20. Nd2 e5
21. g4 h6 22. h4 Ng8 23. Kh2 Ne7 24. Kg3 f6 25. Bc3 Ke8 26. Bb2 Nf8 27. Bd1 c5
28. b5 Ne6 29. f4 exf4+ 30. exf4 d5 31. f5 Nc7 32. Kf4 Nc8 33. Bc3 Ke7 34. Nb1
d4 35. Be1 Nd6 36. Kg3 Ke8 37. Nd2 h5 38. Bf3 Bxf3 39. Nxf3 hxg4 40. Kxg4 Kf7
1/2-1/2

[Event "3. Torneo Internacional A.D. San Juan"]
[Site "Pamplona ESP"]
[Date "2009.07.31"]
[Round "6.3"]
[White "Huerga Leache, Mikel"]
[Black "Fedorchuk, Sergey A"]
[Result "1/2-1/2"]
[WhiteElo "2456"]
[BlackElo "2655"]
[PlyCount "43"]
[EventDate "2009.07.27"]
[EventType "swiss"]
[EventRounds "9"]
[EventCountry "ESP"]
[Source "lmi"]
[SourceDate "2009.07.27"]

1. e4 c5 2. Nf3 e6 3. d4 cxd4 4. Nxd4 Qb6 5. Be3 a6 6. c3 Qc7 7. c4 Nf6 8. Nc3
Bb4 9. Qb3 Bxc3+ 10. Qxc3 Nxe4 11. Nb5 axb5 12. Qxg7 Rf8 13. Bh6 Qa5+ 14. Ke2
Qb4 15. f3 Qxc4+ 16. Kd1 Qa4+ 17. b3 Qb4 18. fxe4 Nc6 19. Qxf8+ Qxf8 20. Bxf8
Kxf8 21. Bxb5 Nd4 22. Bc4 1/2-1/2

[Event "3. Torneo Internacional A.D. San Juan"]
[Site "Pamplona ESP"]
[Date "2009.07.31"]
[Round "6.4"]
[White "Vera Gonzalez-Quevedo, Reynaldo"]
[Black "Pozo Vera, Sandro"]
[Result "1/2-1/2"]
[WhiteElo "2499"]
[BlackElo "2451"]
[PlyCount "35"]
[EventDate "2009.07.27"]
[EventType "swiss"]
[EventRounds "9"]
[EventCountry "ESP"]
[Source "lmi"]
[SourceDate "2009.07.27"]

1. d4 d5 2. c4 c6 3. Nc3 Nf6 4. e3 Bf5 5. cxd5 cxd5 6. Qb3 Bc8 7. f4 e6 8. Nf3
Be7 9. Bd3 Nc6 10. O-O O-O 11. Ne5 Nd7 12. Bd2 Ndxe5 13. fxe5 Bd7 14. Rf3 g6
15. Raf1 Qb6 16. Qxb6 axb6 17. a3 Kg7 18. Be1 1/2-1/2